000
00381nam a2200133Ia 4500
003
GCL
008
140319s9999 xx 000 0 ara d
040
_a
GCL /
_c
GCL
082
0
4
_a
301.01
_b
ز ا
100
1
_a
زينب شاهين
245
1
0
_a
الاثنوميثودولوجيا رؤية جديدة لدراسة المجتمع /
_c
زينب شاهين
300
_a
181 ص
490
_a
999
_c
37837
_d
37837